| 000 | 00841nas a2200253 4500 | ||
|---|---|---|---|
| 001 | BR9301441 | ||
| 003 | BR-BrBNA | ||
| 005 | 20231205093615.0 | ||
| 007 | ta | ||
| 008 | 230509b bl.|||p| |||| 00| 00por d | ||
| 040 |
_aBR-BrBNA _bpor _cBiblioteca Nacional de Agricultura |
||
| 041 | _a(Pt) | ||
| 072 | _aM40; L40 | ||
| 100 | 1 | _aMenin, E. | |
| 100 | 1 | _aMimura, O.M. | |
| 245 | 1 | _aAnatomia funcional da cavidade bucofaringeana de Phochilodus marggravvi (Walbaum, 1792)e Phochilodus affinis Reinhardt, 1874 (Characiformes, Prochilodontidae) | |
| 650 | _aPeixe de Agua Doce | ||
| 650 | _aBiologia Animal | ||
| 650 | _aAnatomia Animal | ||
| 650 | _aCurimata | ||
| 773 | 0 |
_tRevista Ceres (Brazil) _xISSN 0034-737X _g(Nov-Dec 1992), v. 39(226) p. 507-528 _wBR9301441 |
|
| 909 |
_a202311 _bLúcia _c55 _dLúcia Elande |
||
| 942 |
_2AGRIS _n0 _cANA |
||
| 999 |
_c139434 _d139434 |
||